La orientación escolar : (Record no. 141734)
[ view plain ]
| 000 -CABECERA | |
|---|---|
| campo de control de longitud fija | 00856nam a2200241 u 4500 |
| 005 - FECHA Y HORA DE LA ÚLTIMA TRANSACCIÓN | |
| campo de control | 20240920064145.0 |
| 008 - ELEMENTOS DE LONGITUD FIJA--INFORMACIÓN GENERAL | |
| campo de control de longitud fija | 090219s2002 r 000 0 eng d |
| 020 ## - NÚMERO INTERNACIONAL NORMALIZADO PARA LIBROS | |
| Número Internacional Estándar del Libro | 8481559970 |
| 035 ## - NÚMERO DE CONTROL DEL SISTEMA | |
| Número de control de sistema | UPN01000169628 |
| 049 ## - COLECCIÓN | |
| Colección | CG |
| 050 #4 - SIGNATURA TOPOGRÁFICA DE LA BIBLIOTECA DEL CONGRESO | |
| Número de clasificación | LB1027.5 |
| Número de documento/Ítem | M3.6 |
| 100 1# - ASIENTO PRINCIPAL--NOMBRE PERSONAL | |
| Nombre de persona | Martínez González, María de Codés |
| 245 13 - MENCIÓN DE TÍTULO | |
| Título | La orientación escolar : |
| Resto del título | fundamentos y desarrollo / |
| Mención de responsabilidad, etc. | Ma. de Codés Martínez González, José Quintanal Díaz, José Antonio Téllez Muñoz. |
| 260 ## - PUBLICACIÓN, DISTRIBUCIÓN, ETC. | |
| Lugar de publicación, distribución, etc. | Madrid : |
| Nombre del editor, distribuidor, etc. | Dykinson, |
| Fecha de publicación, distribución, etc. | 2002. |
| 300 ## - DESCRIPCIÓN FÍSICA | |
| Extensión | 985 p. |
| 590 ## - NOTA LOCAL (RLIN) | |
| Nota local | (También localizas un ejemplar en el "Area de Reserva") |
| 590 ## - NOTA LOCAL (RLIN) | |
| Nota local | Bibliografía Básica (BGTQ) |
| 650 #4 - ASIENTO SECUNDARIO DE MATERIA - TERMINO TEMATICO | |
| Término de materia o nombre geográfico como elemento de entrada | Orientación educativa |
| 9 (RLIN) | 4097 |
| 650 #4 - ASIENTO SECUNDARIO DE MATERIA - TERMINO TEMATICO | |
| Término de materia o nombre geográfico como elemento de entrada | Educación |
| Subdivisión geográfica | España |
| 9 (RLIN) | 6843 |
| 700 1# - ASIENTO SECUNDARIO--NOMBRE DE PERSONAL | |
| Nombre de persona | Quintanal Díaz, José, |
| Término indicativo de función/relación | coaut. |
| 700 1# - ASIENTO SECUNDARIO--NOMBRE DE PERSONAL | |
| Nombre de persona | Téllez Muñoz, José Antonio, |
| Término indicativo de función/relación | coaut. |
| 905 ## - TIPO DE MATERIAL | |
| Tipo de material | Libro |
| Estado de retiro | Estado de pérdida | Fuente del sistema de clasificación o colocación | Estado dañado | No para préstamo | Código de colección | Localización permanente | Ubicación/localización actual | Ubicación en estantería | Total de préstamos | Renovaciones totales | Clasificación | Código de barras | En préstamo | Fecha visto por última vez | Fecha del último préstamo | Número de copia | Tipo de ítem Koha | Fecha de adquisición | Restricciones de uso |
|---|---|---|---|---|---|---|---|---|---|---|---|---|---|---|---|---|---|---|---|
| Library of Congress Classification | Colección General | Bib. Gregorio Torres Quintero | Bib. Gregorio Torres Quintero | Planta baja | 97 | 1 | LB1027.5 M3.6 | 271140 | 20/12/2021 | 02/12/2021 | 02/12/2021 | 1 | Libro | ||||||
| Library of Congress Classification | Colección General | Bib. Gregorio Torres Quintero | Bib. Gregorio Torres Quintero | Planta baja | 88 | 4 | LB1027.5 M3.6 | 262694 | 18/04/2023 | 21/03/2023 | 21/03/2023 | 1 | Libro | 30/03/2022 | |||||
| Library of Congress Classification | Bibliografía básica | Bib. Gregorio Torres Quintero | Bib. Gregorio Torres Quintero | Colecciones especiales Planta alta | 11 | LB1027.5 M3.6 | 262693 | 03/06/2025 | 03/06/2025 | 1 | Libro por horas | 20/01/2023 | Préstamo por horas | ||||||
| Library of Congress Classification | Colección General | Bib. Gregorio Torres Quintero | Bib. Gregorio Torres Quintero | Planta baja | 140 | 2 | LB1027.5 M3.6 | 262696 | 04/11/2025 | 20/10/2025 | 20/10/2025 | 1 | Libro | 08/09/2022 | |||||
| Library of Congress Classification | Colección General | Bib. Gregorio Torres Quintero | Bib. Gregorio Torres Quintero | Planta baja | 43 | LB1027.5 M3.6 | 262695 | 28/05/2024 | 13/05/2024 | 13/05/2024 | 1 | Libro | 13/05/2024 |
